K novému zákonu o pojistné smlouvě

Informácia o štruktúre českého zákona o poistnej zmluve. Hlavy zákona.

Gespeichert in:
Bibliographische Detailangaben
1. Verfasser: Škopová, Věra
Format: Buchkapitel
Sprache:Tschechisch
Schlagworte:
Tags: Tag hinzufügen
Keine Tags, Fügen Sie das erste Tag hinzu!

MARC

LEADER 00000naa$a2200000$$$4500
001 0035011
005 20231006074845.9
041 0 |a cze 
044 |a CZ 
245 1 0 |a K novému zákonu o pojistné smlouvě  |c Věra Škopová 
520 |a Informácia o štruktúre českého zákona o poistnej zmluve. Hlavy zákona. 
610 2 0 |a Česko 
610 2 0 |a poistenie 
610 2 0 |a poisťovne komerčné 
610 2 0 |a poisťovníctvo 
610 2 0 |a právo poistné 
610 2 0 |a udalosti poistné 
610 2 0 |a zákony 
610 2 0 |a poistenie úrazové 
610 2 0 |a poistenie súkromné 
610 2 0 |a poistenie zodpovednosti za škody 
610 2 0 |a poistenie osôb 
100 1 |a Škopová, Věra